The Last Deposit : Swiss Banks and Holocaust Victims’ Accounts /
Збережено в:
| Автор: | |
|---|---|
| Формат: | Книга |
| Мова: | Англійська |
| Опубліковано: |
Westport, EUA :
Praeger,
1999, c1999
|
| Предмети: | |
| Теги: |
Немає тегів, Будьте першим, хто поставить тег для цього запису!
|
MARC
| LEADER | 00000nam^a2200000^a^4500 | ||
|---|---|---|---|
| 001 | 000186867 | ||
| 005 | 20250521000000.0 | ||
| 009 | 20260310102240.392 | ||
| 020 | |a 0-275-96520-1 | ||
| 037 | |a Acervo ITESO - Biblioteca | ||
| 041 | |a ING | ||
| 082 | |a 940. 53494 |b LEV | ||
| 100 | |a Levin, Itamar |e (autor) | ||
| 245 | 1 | 4 | |a The Last Deposit : |b Swiss Banks and Holocaust Victims’ Accounts / |c I. Levin ; pról. de Edgar Bronfman, Israel Singer, Avraham Burg ; tr. por Natasha Dornberg. |
| 264 | 4 | |a Westport, EUA : |b Praeger, |c 1999, c1999 | |
| 300 | |a XVI, 250 p. | ||
| 336 | |a texto |b txt |2 rdacontenido | ||
| 337 | |a sin mediación |b n |2 rdamedio | ||
| 338 | |a volumen |b nc |2 rdasoporte | ||
| 500 | |a Traducción de: Pikadon aharon | ||
| 649 | |a XX | ||
| 650 | |a Judíos en Europa - |x Condiciones Económicas | ||
| 650 | |a Bancos y Operaciones Bancarias - |z Suiza - |x Historia - |y Siglo XX | ||
| 650 | |a Corrupción | ||
| 650 | |a Demandas y Denuncias | ||
| 650 | |a Derecho de Propiedad - |z Europa | ||
| 650 | |a Guerra Mundial (Segunda), 1939-1945 - |x Aspectos Económicos | ||
| 910 | |a Fondo General | ||
| 920 | |a Impresos - Libros | ||
| 930 | |a Colección General | ||
| 905 | |a 101 | ||
| 901 | |a 0500128555 |b IT1 |c ACC |u 20250521 | ||
| 902 | |a https://opac.biblio.iteso.mx/vufind/Record/000186867 | ||